Communications in statistics: (Record no. 15247)
[ view plain ]
| 000 -LEADER | |
|---|---|
| fixed length control field | 00533cas a2200181 4500 |
| 022 0# - INTERNATIONAL STANDARD SERIAL NUMBER | |
| ISSN | 0361-0926 |
| 040 ## - CATALOGING SOURCE | |
| Transcribing agency | AzTeS |
| 082 04 - DEWEY DECIMAL CLASSIFICATION NUMBER | |
| Classification number | 519 MAR 1976 A062 Or. |
| 245 00 - TITLE STATEMENT | |
| Title | Communications in statistics: |
| 246 17 - VARYING FORM OF TITLE | |
| Title proper/short title | Commun. statis.-Theor. meth |
| 246 18 - VARYING FORM OF TITLE | |
| Title proper/short title | Commun. in statist.: theory and methods |
| 260 ## - PUBLICATION, DISTRIBUTION, ETC. (IMPRINT) | |
| Place of publication | [New York, |
| Name of publisher | Marcel Dekker] |
| Year of publication | 1976- |
| 300 ## - PHYSICAL DESCRIPTION | |
| Number of Pages | v. |
| Other physical details | ill. |
| Dimensions | 23-26 cm. |
| 500 ## - GENERAL NOTE | |
| General note | Some issues also have distinctive titles. |
| 650 #0 - SUBJECT ADDED ENTRY--TOPICAL TERM | |
| Topical Term | Mathematical statistics |
| 650 #6 - SUBJECT ADDED ENTRY--TOPICAL TERM | |
| Topical Term | Statistique mathématique |
| 942 ## - ADDED ENTRY ELEMENTS (KOHA) | |
| Koha item type | សៀវភៅភាសាអង់គ្លេស |
| 952 ## - LOCATION AND ITEM INFORMATION (KOHA) | |
| Withdrawn status [LOCAL, KOHA] | 0 |
| Permanent Location | Date acquired | Koha item type | Lost status | Shelving location | Barcode | Current Location | Full call number |
|---|---|---|---|---|---|---|---|
| Library Block A | 2017-11-14 | សៀវភៅភាសាអង់គ្លេស | A062 | A06236 | Library Block A | 519 MAR 1976 A062 Or. |